The Road Maintenance Initiative : (Record no. 543157)
[ view plain ]
| 000 -LEADER | |
|---|---|
| fixed length control field | 01014cam a2200193 a 4500 |
| 020 ## - INTERNATIONAL STANDARD BOOK NUMBER | |
| International Standard Book Number | 0821318616 |
| 082 00 - DEWEY DECIMAL CLASSIFICATION NUMBER | |
| Classification number | 388.1068 |
| Author Mark | GES |
| -- | D |
| 100 ## - MAIN ENTRY--PERSONAL NAME | |
| Personal name | Gesellschaft, Carl Duisberg |
| 9 (RLIN) | 38537 |
| 245 04 - TITLE STATEMENT | |
| Title | The Road Maintenance Initiative : |
| Remainder of title | building capacity for policy reform. |
| Statement of responsibility, etc. | Carl Duisberg Gesellchaft |
| 260 ## - PUBLICATION, DISTRIBUTION, ETC. | |
| Place of publication, distribution, etc. | Washington, D.C. : |
| Name of publisher, distributor, etc. | World Bank, |
| Date of publication, distribution, etc. | c1991. |
| 300 ## - PHYSICAL DESCRIPTION | |
| Extent | 70 v. : |
| Other physical details | ill. ; |
| Dimensions | 28 cm. |
| 500 ## - GENERAL NOTE | |
| General note | At head of title: Sub-Saharan Africa Transport Program. |
| 505 0# - FORMATTED CONTENTS NOTE | |
| Formatted contents note | v. 1. Report on the policy seminars / Steve Carapetis, Hernán Levy, Terje Wolden -- v. 2. Readings and case studies -- v. 3. Guidelines for policy action planning / Carl Duisberg Gesellschaft. |
| 526 ## - STUDY PROGRAM INFORMATION NOTE | |
| Program name | 0 |
| Interest level | 0 |
| Reading level | 0 |
| Title point value | 388_106800000000000_GES |
| 650 #0 - SUBJECT ADDED ENTRY--TOPICAL TERM | |
| Topical term or geographic name entry element | D |
| General subdivision | Maintenance and repair |
| -- | Government policy |
| Geographic subdivision | Africa, Sub-Saharan |
| General subdivision | Congresses. |
| 9 (RLIN) | 38538 |
| 650 #0 - SUBJECT ADDED ENTRY--TOPICAL TERM | |
| Topical term or geographic name entry element | Roads |
| General subdivision | Maintenance and repair |
| -- | Economic aspects |
| Geographic subdivision | Africa, Sub-Saharan |
| General subdivision | Congresses. |
| 9 (RLIN) | 38539 |
| 710 2# - ADDED ENTRY--CORPORATE NAME | |
| Corporate name or jurisdiction name as entry element | Sub-Saharan Africa Transport Program (World Bank) |
| 9 (RLIN) | 38540 |
| 942 ## - ADDED ENTRY ELEMENTS (KOHA) | |
| Source of classification or shelving scheme | |
| Koha item type | Book |
| Withdrawn status | Lost status | Source of classification or shelving scheme | Damaged status | Not for loan | Permanent Location | Current Location | Date acquired | Total Checkouts | Full call number | Barcode | Date last seen | Price effective from | Koha item type |
|---|---|---|---|---|---|---|---|---|---|---|---|---|---|
| Military College of Engineering (MCE) | Military College of Engineering (MCE) | 03/07/2014 | 388.1068 GES | MCE-43223 | 03/07/2014 | 03/07/2014 | Book |
